Network+ guide to networks / (Record no. 47387)

MARC details
000 -LEADER
fixed length control field 01164cam a22003137a 4500
001 - CONTROL NUMBER
control field 15606149
005 - DATE AND TIME OF LATEST TRANSACTION
control field 20161122100044.0
008 - FIXED-LENGTH DATA ELEMENTS--GENERAL INFORMATION
fixed length control field 090130s2010 maua 001 0 eng
010 ## - LIBRARY OF CONGRESS CONTROL NUMBER
LC control number 2009922057
020 ## - INTERNATIONAL STANDARD BOOK NUMBER
International Standard Book Number 9781423902454 (pbk)
020 ## - INTERNATIONAL STANDARD BOOK NUMBER
International Standard Book Number 1423902459 (pbk)
035 ## - SYSTEM CONTROL NUMBER
System control number (OCoLC)ocn435403523
040 ## - CATALOGING SOURCE
Original cataloging agency AU@
Language of cataloging eng
Transcribing agency AU@
Modifying agency IBI
-- YDXCP
-- S9I
-- BTCTA
-- OL$
-- DLC
042 ## - AUTHENTICATION CODE
Authentication code lccopycat
050 00 - LIBRARY OF CONGRESS CALL NUMBER
Classification number TK5105.5
Item number .D43 2010
082 04 - DEWEY DECIMAL CLASSIFICATION NUMBER
Classification number 004.6
Edition number 22
100 1# - MAIN ENTRY--PERSONAL NAME
Personal name Dean, Tamara.
245 10 - TITLE STATEMENT
Title Network+ guide to networks /
Statement of responsibility, etc Tamara Dean.
250 ## - EDITION STATEMENT
Edition statement 5th ed.
260 ## - PUBLICATION, DISTRIBUTION, ETC. (IMPRINT)
Place of publication, distribution, etc Boston, Mass. :
Name of publisher, distributor, etc Course TechnologyCengage Learning ;
Date of publication, distribution, etc c2010.
300 ## - PHYSICAL DESCRIPTION
Extent xxiv, 887 p. :
Other physical details ill. (chiefly col.) ;
Dimensions 24 cm. +
Accompanying material 1 CD-ROM (4 3/4 in.)
500 ## - GENERAL NOTE
General note "CertBlaster exam preparation software"--CD-ROM.
500 ## - GENERAL NOTE
General note Includes index.
650 #0 - SUBJECT ADDED ENTRY--TOPICAL TERM
Topical term or geographic name as entry element Computer networks
General subdivision Examinations
Form subdivision Study guides.
650 #0 - SUBJECT ADDED ENTRY--TOPICAL TERM
Topical term or geographic name as entry element Telecommunications engineers
General subdivision Certification
Form subdivision Study guides.
906 ## - LOCAL DATA ELEMENT F, LDF (RLIN)
a 7
b cbc
c copycat
d 2
e ncip
f 20
g y-gencatlg
942 ## - ADDED ENTRY ELEMENTS (KOHA)
Source of classification or shelving scheme Library of Congress Classification
Item type Book
Holdings
Withdrawn status Lost status Source of classification or shelving scheme Damaged status Not for loan Collection code Home library Current library Shelving location Date acquired Source of acquisition Cost, normal purchase price Total Checkouts Total Renewals Full call number Barcode Date last seen Date last borrowed Price effective from Koha item type Serial Enumeration / chronology Copy number
    Library of Congress Classification     Non-fiction Nairobi Campus Nairobi Campus General Circulation 22/11/2016 Donation 500.00 2 1 TK5105.5 .D43 2010 048600 23/05/2024 03/05/2024 22/11/2016 Book    
    Library of Congress Classification   Not For Loan Non-fiction Nairobi Campus Nairobi Campus Multimedia 22/11/2016 Donation 500.00     TK5105.5 .D43 2010 048601     22/11/2016 CD/DVD CD 1